| 000 | 00789nam a22002411 4500 | ||
|---|---|---|---|
| 001 | 134108 | ||
| 003 | ES-MaACL | ||
| 005 | 20230906194612.0 | ||
| 007 | t| | ||
| 008 | 070905s1959 sp ||||0| spa d | ||
| 016 | 7 | _zIND2000943426 | |
| 040 |
_aM-BN _bspa _cCDM |
||
| 080 | _a545(075.8) | ||
| 100 | 1 |
_aWest, Philip William. _9116552 |
|
| 245 | 1 | 4 |
_aLos cálculos del análisis cuantitativo / _cPh. W. West ; traducido del inglés por el profesor... Felipe Lucena Conde y D. Juan Gallego Godoy. |
| 260 |
_aZaragoza : _bAcribia, _c1959. |
||
| 300 |
_aXII, 196 p. ; _c22 cm. |
||
| 650 | 4 |
_aAnálisis químico cualitativo. _99776 |
|
| 700 | 1 |
_aLucena Conde, Felipe. _974559 |
|
| 700 | 1 |
_aGallego Godoy, Juan. _953568 |
|
| 852 |
_aES-MaACL _jC-16269 _bR.44615 |
||
| 999 |
_c134108 _d134108 |
||